Every XXXTentacion Song on the Billboard Hot 100 - Statistics

General Stats
  • This quiz has been taken 997 times
    691 since last reset
  • The average score is 12 of 32
Answer Stats
# Year Song % Correct
1 2018 SAD!
97%
34 2017 Look At Me!
84%
13 2018 Moonlight
79%
19 2018 Jocelyn Flores
77%
16 2018 BAD!
69%
18 2018 changes
61%
70 2018 Hope
60%
28 2018 Fuck Love ft. Trippie Redd
58%
77 2017 Revenge
53%
42 2018 Everybody Dies In Their Nightmares
49%
55 2018 The Remedy For A Broken Heart (Why Am I So In Love)
40%
85 2019 Bad Vibes Forever ft. PnB Rock & Trippie Redd
35%
80 2018 NUMB
35%
13 2018 Falling Down (Lil Peep)
34%
95 2017 Carry On
30%
94 2017 Save Me
29%
91 2017 Depression & Obsession
27%
37 2018 whoa (mind in awe)
26%
83 2018 Infinity (888) ft. Joey Bada$$
25%
28 2018 Arms Around You (Lil Pump) ft. Maluma & Swae Lee
22%
95 2018 going down!
22%
89 2019 Sauce!
20%
48 2018 Guardian Angel
18%
62 2018 One Minute ft. Kanye West & Travis Barker
18%
64 2018 Train Food
18%
31 2018 Roll In Peace (Kodak Black)
15%
51 2018 I Don't Let Go
14%
5 2018 Don't Cry (Lil Wayne)
12%
91 2019 Middle Child (PnB Rock)
12%
65 2018 What Are You So Afraid Of
10%
68 2018 Staring At The Sky
8%
84 2018 Difference (Interlude)
6%
No matching quizzes found
Score Distribution
Percent of People with Each Score
Percentile by Number Answered
Your Score History
You have not taken this quiz since the last reset